000 00396nam a22001697a 4500
008 240911b ||||| |||| 00| 0 eng d
020 _a9788170558293
041 _ahin
082 _a070.1
_bRAP
100 _aRajkishore
245 _aPatrakarita Ke Naye Pariprekshay
250 _a3rd ed.
260 _aNew Delhi
_bVani Prakashan
_c2023
300 _a156p.
650 _aHINDI
942 _cBK
999 _c48741
_d48741